Statistics for Britney Spears

Click here to take the quiz!

General Stats

  • This quiz has been taken 201 times
  • The average score is 12 of 14

Answer Stats

HintAnswer% Correct
What year was she born?1981
97%
Third?Britney
97%
Eighth?Britney Jean
94%
Which month is her birthday?December
93%
What is her full name?Britney Jean Spears
92%
Who teen star did she date?Justin Timberlake
91%
First album?Baby One More Time
90%
Sixth?Circus
87%
Second?Oops I Did It Again
87%
Fifth?Blackout
82%
Seventh?Femme Fatale
81%
Fourth?In The Zone
80%
In which U.S. State was she born?Mississippi
51%
Which was her 2004 tour's name?The Onyx Hotel Tour
40%

Score Distribution

Percentile by Number Answered

Percent of People with Each Score

Your Score History

You have not taken this quiz